Nghiên cứu khả năng sinh trưởng, phát triển của một số giống hoa chuông (Sinningia speciosa) và kỹ thuật trồng phù hợp với điều kiện sinh thái tại Đà Nẵng
Xác định được một số giống hoa chuông có khả năng thích ứng cao và đề xuất một số biện pháp kỹ thuật nhằm duy trì và phát triển hoa chuông tại Đà Nẵng, trên cơ sở đánh giá khả năng sinh trưởng và phát triển, khả năng chống chịu sâu bệnh, tỷ lệ sống và ra hoa… của một số giống hoa chuông nhập nội trồ...
Wedi'i Gadw mewn:
| Prif Awdur: | |
|---|---|
| Awduron Eraill: | |
| Fformat: | Llyfr |
| Iaith: | Vietnamese |
| Cyhoeddwyd: |
Đà Nẵng
Đại học Đà Nẵng
2013
|
| Pynciau: | |
| Tagiau: |
Ychwanegu Tag
Dim Tagiau, Byddwch y cyntaf i dagio'r cofnod hwn!
|
| Thư viện lưu trữ: | Mạng thư viện Đại học Đà Nẵng |
|---|
| LEADER | 02120nam a2200337 4500 | ||
|---|---|---|---|
| 001 | 000019203 | ||
| 003 | 15638 | ||
| 005 | 20140331150343.0 | ||
| 008 | 140331s2013 viesd | ||
| 041 | |a vie | ||
| 082 | 1 | 4 | |a 584.17 |b NG-V |
| 100 | |a Ngô Thị Thu Vân | ||
| 245 | |a Nghiên cứu khả năng sinh trưởng, phát triển của một số giống hoa chuông (Sinningia speciosa) và kỹ thuật trồng phù hợp với điều kiện sinh thái tại Đà Nẵng |c Ngô Thị Thu Vân ; Nguyễn Tấn Lê hướng dẫn. |k Luận văn Thạc sĩ | ||
| 260 | |a Đà Nẵng |b Đại học Đà Nẵng |c 2013 | ||
| 300 | |a 79 tr., phụ lục 10 tr. |b Hình mh. |c 29 cm. |e Tóm tắt | ||
| 500 | |a Luận văn thạc sĩ Khoa học. Chuyên ngành : Sinh Thái học. Mã số: 60.42.60. | ||
| 520 | |a Xác định được một số giống hoa chuông có khả năng thích ứng cao và đề xuất một số biện pháp kỹ thuật nhằm duy trì và phát triển hoa chuông tại Đà Nẵng, trên cơ sở đánh giá khả năng sinh trưởng và phát triển, khả năng chống chịu sâu bệnh, tỷ lệ sống và ra hoa… của một số giống hoa chuông nhập nội trồng tại Đà Nẵng ở vụ Đông Xuân. Qua đó đề xuất một số biện pháp kỹ thuật phù hợp với điều kiện sản xuất tại Đà Nẵng. | ||
| 650 | 0 | 4 | |a Hoa chuông (Sinningia speciosa) |v Luận văn tốt nghiệp |x Nghiên cứu |x Sinh thái học |z Đà Nẵng |
| 653 | |a Hoa chuông (Sinningia speciosa) | ||
| 653 | |a Sinh thái học | ||
| 700 | |a Nguyễn Tấn Lê |c PGS.TS |e Hướng dẫn | ||
| OWN | |a LSP | ||
| AVA | |a UDN50 |b LSP |d 584.17 NG-V |e available |t Error 5001 Not defined in file expand_doc_bib_avail. |f 1 |g 0 |h N |i 0 |k 1 | ||
| 999 | |a From the UDN01 | ||
| AVA | |a UDN50 |b LSP |d 584.17 NG-V |e available |t Error 5001 Not defined in file expand_doc_bib_avail. |f 1 |g 0 |h N |i 0 |k 1 | ||
| TYP | |a Monograph | ||
| TYP | |a Printed language | ||
| 980 | |a Mạng thư viện Đại học Đà Nẵng | ||